Normal view
MARC view
- Villena, Geraldine Mae S.
Entry Personal Name
001 - CONTROL NUMBER
- control field: 5711
003 - CONTROL NUMBER IDENTIFIER
- control field: URS
005 - DATE AND TIME OF LATEST TRANSACTION
- control field: 20230809133839.0
008 - FIXED-LENGTH DATA ELEMENTS
- fixed length control field: 230809|| aca||aabn | a|a d
040 ## - CATALOGING SOURCE
- Original cataloging agency: URS
100 ## - HEADING--PERSONAL NAME
- Personal name: Villena, Geraldine Mae S.
- Relator term: author


































